|
|
|
|
| LEADER |
00000naa2a2200000 4500 |
| 001 |
102666 |
| 005 |
20240111132648.0 |
| 035 |
|
|
|a (RuTPU)RU\TPU\book\110707
|
| 090 |
|
|
|a 102666
|
| 100 |
|
|
|a 20061003d2004 k y0rusy50 ca
|
| 101 |
0 |
|
|a rus
|
| 102 |
|
|
|a RU
|
| 200 |
1 |
|
|a Кинетика фторирования диоксида урана газообразным трифторидом хлора
|f В. Ф. Усов, И. И. Жерин
|
| 320 |
|
|
|a Библиогр.: 3 назв.
|
| 463 |
|
1 |
|0 (RuTPU)RU\TPU\book\73188
|y 5-7262-0526-1
|t Физико-технические проблемы атомной энергетики и промышленности (производство, наука, образование)
|o Международная научно-практическая конференция, Томск, 7-9 июня 2004 г.
|o сборник тезисов докладов
|v С. 130.
|f Российская Федерация, Федеральный надзор по ядерной и радиационной безопасности (Госатомнадзор России) [и др.]
|d 2004
|p 187 с.
|
| 610 |
1 |
|
|a уран
|
| 610 |
1 |
|
|a диоксид урана
|
| 610 |
1 |
|
|a трифторид хлора
|
| 610 |
1 |
|
|a фторирование
|
| 610 |
1 |
|
|a кинетика
|
| 610 |
1 |
|
|a фтор
|
| 610 |
1 |
|
|a труды учёных ТПУ
|
| 700 |
|
1 |
|a Усов
|b В. Ф.
|
| 701 |
|
1 |
|a Жерин
|b И. И.
|c российский химик
|c профессор Томского политехнического университета, доктор химических наук
|f 1955-
|g Иван Игнатьевич
|3 (RuTPU)RU\TPU\pers\25854
|9 11723
|
| 801 |
|
1 |
|a RU
|b 63413507
|c 20061003
|g PSBO
|
| 801 |
|
2 |
|a RU
|b 63413507
|c 20120616
|g PSBO
|
| 942 |
|
|
|c BK
|